000 00686nam a2200253 i 4500
001 C2-0113233
003 PPAK
005 20180727104159.0
008 970705s1990 my |||| ||||| | may d
020 _a9836217053
040 _aPPAK
_beng
_cPPAK
_erda
082 0 4 _a899.234
_223
090 0 0 _a899.234
_bKAR
_dKIH
090 0 0 _a899.234
_bKAR
_dKSA
245 0 0 _aKarya penulis Sarawak dalam esei
264 1 _aKuala Lumpur :
_bDewan Bahasa dan Pustaka ,
_c1990
300 _ax, 211 pages ;
_c21 cm
336 _2rdacontent
_atext
337 _2rdamedia
_aunmediated
338 _2rdacarrier
_avolume
650 1 0 _aMalay essays
700 0 _aJiso Rutan,
_ecompile
942 _ddc
_cB
999 _c28641
_d28641